000 00758nam a2200205Ia 4500
999 _c37997
_d37997
001 3981
003 GE_BSU
005 20190829171046.0
008 181216s1994||||ge |||||||||||||| ||geo||
040 _cGE_BSU
041 _ageo
080 _a37.03 გ–58
100 _aგობრონიძე, ალექსანდრე
_9794
245 _aზნეობრივი აღზრდის საკითხები /
_cრედ. ი ბიბილეიშვილი
264 _aბათუმი :
_b’’აჭარა’’,
_c1994.
300 _a287 გვ. ;
_b20 სმ.
653 _aპედაგოგიკა
700 _aბიბილეიშვილი, ი.
_eრედაქტორი
_93836
942 _cBK
_2udc